| 000 | 02354cam a22005534a 4500 | ||
|---|---|---|---|
| 001 | 48314 | ||
| 005 | 20230410124135.0 | ||
| 008 | 020920s2003 nyuab b 001 0 eng | ||
| 010 | _a 2002035741 | ||
| 035 | _a(OCoLC)ocm50693131 | ||
| 040 |
_aDLC _cDLC _dYDX _dUKM _dAGL _dYBM _dMUQ _dBAKER _dBTCTA _dYDXCP |
||
| 015 | _aGBA3-Y8484 | ||
| 020 | _a0393730867 | ||
| 020 | _a9780393730869 | ||
| 020 | _a0393105415 (CD) | ||
| 020 | _a9780393105414 (CD) | ||
| 029 | 1 |
_aUKM _bbA3Y8484 |
|
| 029 | 1 |
_aYDXCP _b1893719 |
|
| 029 | 1 |
_aNZ1 _b7208574 |
|
| 035 | _a(OCoLC)50693131 | ||
| 042 | _apcc | ||
| 043 | _an-us--- | ||
| 050 | 1 | 4 |
_aNA 8230 _bV865b 2003 |
| 082 | 0 | 0 | _a728/.922/0973 |
| 049 | _aGRAL | ||
| 100 | 1 |
_aVlach, John Michael, _d1948- |
|
| 245 | 1 | 0 |
_aBarns / _cJohn Michael Vlach. |
| 250 | _a1st ed. | ||
| 260 |
_aNew York : _bW. W. Norton & Co. ; _aWashington, D.C. : _bLibrary of Congress, _cc2003. |
||
| 300 |
_a400 p. : _bill., map ; _c29 cm. + _e1 computer optical disc. |
||
| 440 | 0 | _aNorton/Library of Congress visual sourcebooks in architecture, design, and engineering | |
| 500 | _a"Project of the Center for Architecture, Design and Engineering in the Library of Congress"--T.p. verso. | ||
| 504 | _aIncludes bibliographical references (p. 377-384) and index. | ||
| 500 | _aComputer optical disc in pocket of back cover titled: Images from Barns / by John Michael Vlach. [New York] : W.W. Norton & Co., c2003. | ||
| 500 | _aIn Prints & Photographs Reading Room; computer optical disc shelved with CD/ROMs (NOT in pocket of back cover). | ||
| 505 | 0 | _aNew England -- Shaker communities -- The Mid-Atlantic -- The lowland South -- The upland South -- The Midwest -- The Southwest -- The West -- The Far West. | |
| 538 | _aSystem requirements for CD-ROM: Macintosh and Windows. | ||
| 650 | 0 |
_aBarns _zUnited States. |
|
| 650 | 6 |
_aGranges _zEtats-Unis. |
|
| 650 | 4 |
_aGranjas _zEstados Unidos |
|
| 710 | 2 | _aCenter for Architecture, Design and Engineering (U.S.) | |
| 856 |
_3Mas?... busque en WorldCat (solo desde FUNGLODE) _uhttp://www.firstsearch.oclc.org/fsip |
||
| 938 |
_aBaker & Taylor _bBKTY _c75.00 _d56.25 _i0393730867 _n0003981740 _sactive |
||
| 938 |
_aBaker and Taylor _bBTCP _n2002035741 |
||
| 938 |
_aYBP Library Services _bYANK _n1893719 |
||
| 942 |
_2lcc _cbk |
||
| 994 |
_aC0 _bDRFGD |
||
| 946 | _almminaya | ||
| 999 |
_c71788 _d71788 |
||